Geologic Time Scale 6.0 - Statistics

General Stats
  • This quiz has been taken 3 times
  • The average score is 85 of 160
Answer Stats
Age % Correct
Archean
100%
Cambrian
100%
Carboniferous
100%
Cretaceous
100%
Cryogenian
100%
Devonian
100%
Early
100%
Ectasian
100%
Ediacaran
100%
Eoarchean
100%
Eocene
100%
Greenlandian
100%
Guadalupian
100%
Hadean
100%
Holocene
100%
Jurassic
100%
Late
100%
Meghalayan
100%
Mesoarchean
100%
Mesoproterozoic
100%
Mesozoic
100%
Middle
100%
Miocene
100%
Mississippian
100%
Neoarchean
100%
Neogene
100%
Neoproterozoic
100%
Northgrippian
100%
Oligocene
100%
Ordovician
100%
Orosirian
100%
Paleoarchean
100%
Paleocene
100%
Paleogene
100%
Paleoproterozoic
100%
Paleozoic
100%
Pennsylvanian
100%
Permian
100%
Phanerozoic
100%
Pleistocene
100%
Pliocene
100%
Proterozoic
100%
Rhyacian
100%
Siderian
100%
Silurian
100%
Tertiary
100%
Tonian
100%
Triassic
100%
Aalenian
50%
Age 10
50%
Age 2
50%
Age 3
50%
Age 4
50%
Albian
50%
Anisian
50%
Aptian
50%
Aquitanian
50%
Bajocian
50%
Barremian
50%
Bartonian
50%
Bathonian
50%
Berriasian
50%
Burdigalian
50%
Calabrian
50%
Callovian
50%
Calymmian
50%
Campanian
50%
Capitanian
50%
Carnian
50%
Cenomanian
50%
Cenozoic
50%
Changhsingian
50%
Chattian
50%
Chibanian
50%
Cisuralian
50%
Coniacian
50%
Danian
50%
Epoch 2
50%
Fortunian
50%
Frasnian
50%
Gelasian
50%
Hauterivian
50%
Hettangian
50%
Hirnantian
50%
Induan
50%
Kimmeridgian
50%
Ladinian
50%
Langhian
50%
Lopingian
50%
Lutetian
50%
Maastrichtian
50%
Messinian
50%
Miaolingian
50%
Moscovian
50%
Norian
50%
Olenekian
50%
Oxfordian
50%
Piacenzian
50%
Pliensbachian
50%
Priabonian
50%
Pridoli
50%
Quaternary
50%
Rhaetian
50%
Rupelian
50%
Santonian
50%
Selandian
50%
Serpukhovian
50%
Serravallian
50%
Sinemurian
50%
Statherian
50%
Stenian
50%
Terreneuvian
50%
Thanetian
50%
Tithonian
50%
Toarcian
50%
Tortonian
50%
Turonian
50%
Valanginian
50%
Wuliuan
50%
Ypresian
50%
Zanclean
50%
Aeronian
0%
Artinskian
0%
Asselian
0%
Bashkirian
0%
Dapingian
0%
Darriwilian
0%
Drumian
0%
Eifelian
0%
Emsian
0%
Famennian
0%
Floian
0%
Furongian
0%
Givetian
0%
Gorstian
0%
Guzhangian
0%
Gzhelian
0%
Homerian
0%
Jiangshanian
0%
Kasimovian
0%
Katian
0%
Kungurian
0%
Llandovery
0%
Lochkovian
0%
Ludfordian
0%
Ludlow
0%
Paibian
0%
Pragian
0%
Rhuddanian
0%
Roadian
0%
Sakmarian
0%
Sandbian
0%
Sheinwoodian
0%
Telychian
0%
Tournaisian
0%
Tremadocian
0%
Visean
0%
Wenlock
0%
Wordian
0%
Wuchiapingian
0%
No matching quizzes found
Score Distribution
Percent of People with Each Score
Percentile by Number Answered
Your Score History
You have not taken this quiz